| 000 | 01152nam a2200301 a 4500 | ||
|---|---|---|---|
| 001 | BRL_1837 | ||
| 005 | 20190320211406.0 | ||
| 008 | 070815s1985----mx-o######---#000-0#spa-# | ||
| 020 | _a9688220558 | ||
| 041 | _aspa | ||
| 044 | _amx | ||
| 050 | 4 |
_aF1221.Z6 _b.B34 1985 |
|
| 100 | 1 |
_aBáez-Jorge, Félix _928006 |
|
| 245 | 1 | 0 |
_aCuando ardio el cielo y se quemo la tierra _bCondiciones socioeconomicas y sanitarias de los pueblos zoques afectados por la erupcion del volcan chichonal _cFelix Báez-Jorge, amado Rivera balderas, Pedro Arrieta Fernández. |
| 260 |
_aMéxico _bInstituto Nacional Indigenista _c1985 |
||
| 300 |
_a309 p. _bil. _c22 cm. |
||
| 440 | 0 |
_aColección INI _pSerie de investigaciones sociales _vno.14 _928007 |
|
| 500 | _aAu2035 | ||
| 504 | _aBibliografía: p. 303-308 | ||
| 650 | 1 | 4 |
_aZoques _xCondiciones sociales _928008 |
| 650 | 1 | 4 |
_aZoques _xCondiciones económicas _928009 |
| 650 | 1 | 4 |
_aAuxilio en desastres _zMéxico _928010 |
| 651 | 4 |
_aChichonal, Volcán (México) _xErupción, 1982 _928011 |
|
| 700 | 1 |
_aRivera Balderas, Amado _928012 |
|
| 700 | 1 |
_aArrieta Fernández, Pedro _928013 |
|
| 902 | _aGRL | ||
| 942 |
_2lcc _cB |
||
| 999 |
_c10645 _d10645 |
||